000 00799nmc a2200277 a 4500
003 AR-BaBNM
005 20251128211740.0
008 106020s2004 ||||||||||||||000 | spa||
020 _a84-8063-699-8
040 _cAR-BaBNM
245 1 0 _aFormación ética y ciudadana
_bun cambio de mirada
250 _a1ª ed.
260 _aBarcelona
_bOctaedro
_bOEI
_c2004
300 0 _a136 p.
490 0 _aEducación en valores. Cuaderno
653 0 _aFORMACION ETICA Y CIUDADANA
653 0 _aEDUCACION EN VALORES
653 0 _aPROYECTOS CURRICULARES
653 0 _aESTRATEGIAS DIDACTICAS
653 0 _aFORMACION DEL CIUDADANO
700 1 _aSchujman, Gustavo
_ecoordinador
800 1 _aMartínez Martín, Miguel
800 1 _aHoyos Vázquez, Guillermo
942 _cBK
998 _cme-solo cat
999 _c20947
_d20947